Szczegóły MARC21

Semantyka leksykalna : synonimiczne środki języka /

003 -Nazwa inst., której nr kontr. jest w polu 001 [,]
    • @
    • Nazwa instytucji, której n kontrolny jest w polu 001
    • NUKAT
005 -DATA I CZAS OSTATNIEJ MODYFIKACJI [,]
    • @
    • pole kontrolne
    • 20241231091857.0
020 -Międzynarod. znormalizowany nr książki - ISBN [ , ]
    • a
    • Numer ISBN
    • 8304045516 Find
040 -Instytucja sporządzająca opis [ , ]
    • a
    • Instytucja, która sporządziła opis (NP)
    • KR 119/rk
    • c
    • Instytucja, która sporządziła rekord (NP)
    • KR 119/rk
    • d
    • Instytucja, która zmodyfikowała rekord (P)
    • KR 119/DW
    • d
    • Instytucja, która zmodyfikowała rekord (P)
    • KR 119/rks
    • d
    • Instytucja, która zmodyfikowała rekord (P)
    • KAT U/41BM
041 -Język dokumentu [1, ]
    • a
    • Język tekstu (P)
    • polski
    • h
    • Język tekstu oryginalnego i/lub pośredniego (P)
    • rosyjski
942 -Rodzaj dokumentu [ , ]
    • c
    • Rodzaj dokumentu
    • Książka
100 -Hasło główne - nazwa osobowa [1, ]
    • a
    • Nazwa osobowa (NP)
    • Apresân, Ûrij Derenikovič
    • d
    • Daty biograficzne (NP)
    • (1930- ).
    • 9
    • KHW
    • 99387
240 -Tytuł ujednolicony [1,0]
    • a
    • Tytuł ujednolicony
    • Leksičeskaâ semantika
    • l
    • Język tekstu
    • (pol.)
    • 9
    • KHW
    • 99636
245 -Strefa tytułu i oznaczenia odpowiedzialności [1,0]
    • a
    • Tytuł
    • Semantyka leksykalna : Find
    • b
    • Ciąg dalszy tytułu (NP)
    • synonimiczne środki języka / Find
    • c
    • Pozostałe elementy strefy tytułu i oznaczenia odpowiedzialności (NP)
    • Jurij D. Apresjan ; przeł. Zofia Kozłowska i Andrzej Markowski.
250 -Strefa wydania [ , ]
    • a
    • Oznaczenie wydania (NP)
    • Wyd. 2 popr. i uzup. /
    • b
    • Ciąg dalszy strefy wydania (NP)
    • przygot. Zofia Kozłowska i Elżbieta Janus.
260 -Strefa adresu wydawniczego [ , ]
    • a
    • Miejsce wydania (P)
    • Wrocław :
    • b
    • Nazwa wydawcy (P)
    • Zakład Narodowy im. Ossolińskich - Wydaw.,
    • c
    • Data wydania (P)
    • 2000.
300 -Strefa opisu fizycznego [ , ]
    • a
    • Określenie formy książki i/lub objętość (NP)
    • 439 s. ;
    • c
    • Format (NP)
    • 24 cm.
336 -Typ zawartości [ , ]
    • a
    • Termin opisujący typ zawartości
    • Tekst
    • b
    • Kod określający zawartość
    • txt
    • 2
    • Źródło (terminu i kodu)
    • rdacontent
337 -Typ mediów [ , ]
    • a
    • Tryb odtwarzania
    • Bez urządzenia pośredniczącego
    • b
    • Kod typu mediów
    • n
    • 2
    • Źródło (terminu i kodu)
    • rdamedia
338 -Typ/rodzaj nośnika [ , ]
    • a
    • Hasło opisujące typ nośnika
    • Wolumin
    • b
    • Kod typu nośnika
    • nc
    • 2
    • Źródło (terminu i kodu)
    • rdacarrier
504 -Uwaga dot. bibliogr. załącznikowej [ , ]
    • a
    • Uwaga dot. bibliografii załącznikowej
    • Bibliogr. s. [319]-332. Indeks.
504 -Uwaga dot. bibliogr. załącznikowej [ , ]
    • a
    • Uwaga dot. bibliografii załącznikowej
    • Bibliogr. prac Ju. D. Apresjana s. [333]-344.
080 -Uniwersalna Klasyfikacja Dziesiętna [ , ]
    • a
    • Symbol klasyfikacji
    • 801.314
650 -Hasło przedmiotowe [ ,7]
    • a
    • Hasło przedmiotowe
    • Semantyka.
    • 2
    • Źródło terminu
    • kaba
    • 9
    • KHW
    • 129944
980 -Symbol UKD [ , ]
    • a
    • UKD
    • 801.314
700 -Hasło dodatkowe - nazwa osobowa [1, ]
    • a
    • Nazwa osobowa (NP)
    • Kozłowska, Zofia. Find
    • e
    • Określenie rodzaju współpracy
    • Tł.
    • 9
    • KHW
    • 21509
700 -Hasło dodatkowe - nazwa osobowa [1, ]
    • a
    • Nazwa osobowa (NP)
    • Markowski, Andrzej Find
    • d
    • Daty biograficzne (NP)
    • (1948- ).
    • e
    • Określenie rodzaju współpracy
    • Tł.
    • 9
    • KHW
    • 42144
700 -Hasło dodatkowe - nazwa osobowa [1, ]
    • a
    • Nazwa osobowa (NP)
    • Janus, Elżbieta Find
    • d
    • Daty biograficzne (NP)
    • (1935- ).
    • e
    • Określenie rodzaju współpracy
    • Oprac.
    • 9
    • KHW
    • 59626
710 -Hasło dodatkowe - nazwa ciała zbiorowego [2, ]
    • a
    • Nazwa ciała zbiorowego lub nazwa geograficzna jako pierwszy element (NP)
    • Zakład Narodowy im. Ossolińskich.
    • b
    • Nazwa jednostki podrzędnej (P)
    • Wydawnictwo.
    • 4
    • Kod relacji
    • pbl
    • 9
    • KHW
    • 54188
920 -ISBN [ , ]
    • a
    • ISBN
    • 83-04-04551-6 Find
Status udost. Sygnatura Data inwentaryzacji Lokalizacja Numer inwentarzowy
1Z.974462001-07-03BGZ.97446
-3W.2041152001-07-03BGW.204115
-3W.2041152001-07-03BGW.204116
-3W.2041152001-07-20BGW.204273
1POL. Semantyka 042001-07-03BMP.17390